000 00636cab a2200229 4500
001 WB3308-15
008 090401t1997 xxu||||| |||| 00| 0 eng d
035 _a(Sirsi) u55491
041 _aeng
245 _aRamblers lobby for reforms
260 _c1997
350 _a0
490 _aFarming News
_v21 February 1997, 2(1)
520 _aRamblers are lobbying would-be MPs for legislation to allow access on foot to the countryside.
650 _aACCESS TO COUNTRYSIDE
650 _aMPS
650 _aRAMBLERS
650 _aRURAL AREAS
690 _aHIGHWAYS RIGHTS OF WAY AND EASEMENTS
942 _n0
948 _c04/03/1997
999 _c33905
_d33905